Statistics for Science

Click here to take the quiz!

General Stats

  • This quiz has been taken 380 times
  • The average score is 3 of 5

Answer Stats

HintAnswer% Correct
Where Is the Baby Held For 9 Mths?uterus
78%
Largest Animal?Blue Whale
75%
Where Is Sperm Held?testes
66%
Biggest Mammal in The World?Whale
59%
Milk Is ph ..?ph7
15%

Score Distribution

Percentile by Number Answered

Percent of People with Each Score

Your Score History

You have not taken this quiz